| 000 -ლიდერი |
| ფიქსირებული სიგრძის საკონტროლო ველი |
00875nam a22001817a 4500 |
| 003 - საკონტროლო ნომრის იდენტიფიკატორი |
| საკონტროლო ველი |
Ge_BSU |
| 005 - ბოლო ოპერაციის თარიღი და დრო |
| საკონტროლო ველი |
20250310165245.0 |
| 008 - ფიქსირებული სიგრძის მონაცემთა ელემენტები - ზოგადი ინფორმაცია |
| ფიქსირებული სიგრძის საკონტროლო ველი |
250310s1982 ge ||||| |||| 00| 0 geo d |
| 041 ## - ენის კოდი |
| Language code of text/sound track or separate title |
geo |
| 080 ## - უნივერსალური ათობითი კლასიფიკაციის ინდექსი |
| Universal Decimal Classification number |
616.155.194-053.2 ჭ-97 |
| 100 ## - მთავარი ჩანაწერი - პიროვნების სახელი |
| Personal name |
ჭყონია, ქ. |
| 9 (RLIN) |
24502 |
| 245 ## - ცნობა სათაურის შესახებ |
| Title |
რა უნდა იცოდეს მშობელმა ადრეული ასაკის ბავშვთა ანემიის შესახებ / |
| Statement of responsibility, etc |
საქ. სსრ ჯანდაცვის სამინისტროს სანიტარ. განათლ. რესპ. სახლი. |
| 264 ## - წარმოების, გამოცემის, დისტრიბუციის და სხვა ცნობები |
| გამოცემის, წარმოების, დისტრიბუციის... ადგილი |
თბ. : |
| გამოცემის, წარმოების, დისტრიბუციის... სახელწოდება |
საბჭ. საქართველო, |
| გამოცემის, წარმოების, დისტრიბუციის... თარიღი |
1982. |
| 300 ## - ფიზიკური აღწერა |
| Extent |
14გვ. ; |
| Other physical details |
16სმ. |
| 653 ## - INDEX TERM--UNCONTROLLED |
| Uncontrolled term |
ანემია ბავშვებში |
| 653 ## - INDEX TERM--UNCONTROLLED |
| Uncontrolled term |
მედიცინა |
| 942 ## - ADDED ENTRY ELEMENTS (KOHA) |
| Source of classification or shelving scheme |
|
| Koha item type |
წიგნი |